| 000 | 00788cam a2200253 4500 | ||
|---|---|---|---|
| 008 | 031009n2002 000 0 eng u | ||
| 020 | _a186081588X | ||
| 035 | _a(Sirsi) u123895 | ||
| 041 | _aeng | ||
| 050 |
_a624.151 _c18 |
||
| 110 | _aBuilding Research Establishment | ||
| 245 | _aOptimising ground investigation | ||
| 260 |
_aLondon _bCRC _c2002 |
||
| 300 |
_a8p. _c30cm. |
||
| 350 | _a10.50 | ||
| 490 |
_aBRE Digest _v472 |
||
| 520 | _aAims to raise awareness of the importance of ground investigation for routine construction projects and provides a summary of best practice. | ||
| 650 | _aGROUND INVESTIGATION | ||
| 650 | _aSITE INVESTIGATION | ||
| 650 | _aGEOTECHNICAL ENGINEERING | ||
| 650 | _aCONSTRUCTION PROJECTS | ||
| 690 | _aBUILT ENVIRONMENT | ||
| 942 | _n0 | ||
| 999 |
_c103111 _d103111 |
||